LEADER 00921nam a2200253 i 4500 001 000000247417 003 CaOOAMICUS 005 20160112000000.0 008 160112s2014 it u000 u ita u 013 $a226322 020 $a978-88-452-7551-7 040 $aSeMil$bita 100 1 $aNove, Aldo.$0(OLS)http://semarc/name/82885 245 10$aTutta la luce del mondo /$cAldo Nove. 260 $aMilano :$bBompiani,$c2014. 300 $a294 p. ;$c21 cm. 490 0 $aNarratori italiani 830 0$aNarratori italiani.$0(OLS)http://semarc/title/6852 850 $aSeMil 852 $aSeMil$W1$xVenegono$y1$m1A II 100$j197763$B197763$CSeMilBibl$Z2$F209109 $81 961 $aLascito: Milani don Felice 996 $6020$a978-88-452-7551-7$9(OLS)http://semarc/number/256722 996 $6245$aTutta la luce del mondo$9(OLS)http://semarc/title/349393 996 $6260$aMilano :$bBompiani$9(OLS)http://semarc/publisher/29706 LEADER 01231nam a2200205 i 4500 001 000000236890 003 CaOOAMICUS 005 20141212000000.0 008 141212s1689 it u000 u fre u 013 $a215795 026 $ae-i- 9.n- e?ne CHce (3) 1689 (R) 040 $aSeMil$bita 245 10$aTome 1, contenant la discipline de l'eglise naissante, recueille des actes, & des quelques epitres des apotres. 300 $a[26], 592, [28] p. 500 $aStemma calcogr. del vescovo Camille de Neuville (?) a c. 2*3r. - Vignetta calcogr. incisa da Bouchet a c. A1r. - Iniz. calcogr. alle c. 2*3r, A1r. - Segn. : 2*4 §-2§4 3§2(-3§!2) A-4H4 4I2 (4I2v bianca). 700 1 $aBouchet, Barthélemy .$0(OLS)http://semarc/name/80832 773 0 $aQuesnel, Pasquier <1634-1719>$tDiscipline de l'eglise; tirée du Nouveau Testament, et de quelques anciens conciles. Tome 1. [-2.].$dA Lyon : Chez Jean Certe, ruë Merciere, à la Trinité, 1689.$g1$w()31102 850 $aSeMil 852 $aSeMil$W1$xVenegono$y1$m3A V 64 FA$j187236$B187236$CSeMilBibl$Z2$F198099 $8I 996 $6245$aTome 1, contenant la discipline de l'eglise naissante, recueille des actes, & des quelques epitres des apotres$9(OLS)http://semarc/title/337588